| 000 | 01055nas a2200349 4500 | ||
|---|---|---|---|
| 001 | BR0301738 | ||
| 003 | BR-BrBNA | ||
| 005 | 20231205103657.0 | ||
| 007 | ta | ||
| 008 | 230509b bl.|||p| |||| 00| 00por d | ||
| 040 |
_aBR-BrBNA _bpor _cBiblioteca Nacional de Agricultura |
||
| 041 | _a(En) | ||
| 072 | _aL72 | ||
| 100 | 1 | _aBarbosa, O.F. | |
| 100 | 1 | _aRocha, U.F. | |
| 100 | 1 | _aSilva, G.S. da | |
| 100 | 1 | _aSoares, V.E. | |
| 100 | 1 | _aVeronez, V.A. | |
| 100 | 1 | _aOliveira, G.P. de | |
| 100 | 1 | _aLandim, V.J.C. | |
| 100 | 1 | _aCosta, A.J. da | |
| 245 | 1 | _aA survey on Cyathostominae nematodes (Strongylidea, Strongylidae)in pasture bred horses from São Paulo State, Brazil | |
| 650 | _aCAVALO | ||
| 650 | _aNEMATÓIDE | ||
| 650 | _aPARASITO DE ANIMAL | ||
| 650 | _aANÁLISE DE LABORATÓRIO | ||
| 650 | _aMICROSCOPIA ÓTICA | ||
| 650 | _aSÃO PAULO | ||
| 773 | 0 |
_tSemina Ciencias Agrarias (Brazil) _xISSN 1676-546X _g(Jan-Jun 2001), v. 22(1) p. 17-21 _wBR0301738 |
|
| 909 |
_a202311 _bLúcia _c55 _dLúcia Elande |
||
| 942 |
_2AGRIS _n0 _cANA |
||
| 999 |
_c174164 _d174164 |
||